Statistiques concernant Pays qui font le plus la grève

Cliquez ici pour prendre le quiz!

Statistiques générales

  • Ce quiz a été pris 608 fois
  • Le résultat moyen est 7 sur 10

Statistiques - réponses

Jours de grèves pour 1000 salariés (sur 10 ans)Pays% Correct
80France
100%
78Espagne
92%
16Allemagne
89%
23Portugal
81%
54Belgique
80%
18Royaume-Uni
64%
10Irlande
54%
12Finlande
52%
387Danemark
49%
2000Chypre
19%

Distribution des résultats

Percentile par nombre de réponses

% des personnes avec chaque résultat

Votre développement - résultats

Vous n’avez pas pris ce quiz